الوقاية خير من العلاج / (رقم التسجيلة. 31221)

تفاصيل مارك
000 -LEADER
fixed length control field 00731nam a22002177a 4500
005 - DATE AND TIME OF LATEST TRANSACTION
control field 20251108165801.0
008 - FIXED-LENGTH DATA ELEMENTS--GENERAL INFORMATION
fixed length control field 250721s9999 xx 000 0 ara d
082 14 - DEWEY DECIMAL CLASSIFICATION NUMBER
Classification number ط/613
100 1# - MAIN ENTRY--PERSONAL NAME
Personal name يونس، أحمد السعيد
245 10 - TITLE STATEMENT
Title الوقاية خير من العلاج /
264 1# - PRODUCTION, PUBLICATION, DISTRIBUTION, MANUFACTURE, AND COPYRIGHT NOTICE
Place of production, publication, distribution, manufacture بيروت :
Name of producer, publisher, distributor, manufacturer دار الفكر العربي،
Date of production, publication, distribution, manufacture, or copyright notice [19-].
300 ## - PHYSICAL DESCRIPTION
Extent 31 ص.
490 0# - SERIES STATEMENT
Series statement المعرفه الطبيه للناشئه
500 ## - GENERAL NOTE
General note الكتاب باللغتين العربيه و الإنجليزيه
650 17 - SUBJECT ADDED ENTRY--TOPICAL TERM
Topical term or geographic name as entry element الأمراض
650 17 - SUBJECT ADDED ENTRY--TOPICAL TERM
Topical term or geographic name as entry element الوقاية الصحية
653 ## - INDEX TERM--UNCONTROLLED
Uncontrolled term ناشئون كبار (15-18 سنة)
700 1# - ADDED ENTRY--PERSONAL NAME
Personal name الخضري، رواية محمد
942 ## - ADDED ENTRY ELEMENTS (KOHA)
Source of classification or shelving scheme Dewey Decimal Classification
Koha item type كتب
المقتنيات
حالة السحب حالة الفقدان مصدر التصنيف حالة التلف غير قابل للإعارة المكتبة الرئيسية المكتبة الحالية موقع الرف تاريخ التزويد الرقم المتسلسل Total Checkouts رقم الإستدعاء الباركود تاريخ آخر ظهور تاريخ الفاتورة نوع المادة (كوها)
    Dewey Decimal Classification     مكتبة أم المؤمنين للأطفال مكتبة أم المؤمنين للأطفال الأطفال 28/07/2025 418395   ط/613 418395 28/07/2025 28/07/2025 كتب
Implemented & Customized by: BBB with SCIT (Smart Chains for Information Technology)

Powered by Koha